1746 1321 1711 1234 1571 1778 1509 1483 1808 1262 1392 1425 1932 1401 1328 1870 1435 1212 1651 1748 1824 1074 1593 1109 1690 1319 1253 1621 1918 1429 1937 1320 1489 1517 1979 1362 1790 1134 1994 1783 1615 1766 1847 1052 1408 1009 1780 1716 1862 1409 1498 1642 1209 1671 1020 1887 1556 1503 1038 1166 1037 1792 1505 1086 1741 1207 1268 1527 1625 1680 1651 1281 1219 1609 1340 1705 1952 1195 1003 1824 1779 1983 1880 1524 1707 1150 1771 1564 1216 1248 1948 1934 1448 1356 1411 1195 1210 1236 1688 BCNSPRNW ULIB Ver.6.0+V

เปลี่ยนเป็นภาษาไทย

Change to English
 แสดงรายละเอียดบรรณานุกรม
  กลับหน้าหลัก

Brief Record : Get Marc (ISO 2709) : E-mail record : QR code < ปิดหน้าต่าง
LEADER : 00000nam 2200000uu 4500
001    13399124469
003     ULIB
008    150727s2557||||th 000 0 tha d
020    ^a9789746728775
060 04 ^aWY100^bก499
100 0  ^aวราภรณ์ บุญเชียง,^eบรรณาธิการ
245  0 ^aการรักษาพยาบาลโรคเบื้องต้น /^cวราภรณ์ บุญเชียง, วิลาวัณย์ เตือนราษฎร์, บรรณาธิการ
250    ^aพิมพ์ครั้งที่ 3
260    ^aเชียงใหม่ :^bสำนักพิมพ์มหาวิทยาลัยเชียงใหม่,^c2557
300    ^a442 หน้า :^bภาพประกอบ ;^c26 ซม.
650  2 ^aPhysical Examination
650  2 ^aDiagnosis, Differential
650  2 ^aClinical Laboratory Techniques
650  2 ^aFirst Aid
650  4 ^aการตรวจร่างกาย
650  4 ^aปฐมพยาบาล
650  4 ^aการวินิจฉัยโรคแยกโรค
650  4 ^aการวินิจฉัยโรคทางห้องปฏิบัติการ
700 0  ^aวิลาวัณย์ เตือนราษฎร์,^eบรรณาธิการ
710 1  มหาวิทยาลัยเชียงใหม่
945    ^p350^l0^i23013
945    ^p350^l0^i23014
945    ^p350^l0^i23015
999    ^aทศพร เกษรทอง
รายการนี้ยังไม่มีแท็ก
คุณยังไม่ได้ล็อกอิน คุณสามารถมีกิจกรรมร่วมกับเว็บไซต์ได้ แต่ต้องล็อกอินก่อน ::
  ล็อกอิน

รายการสื่อสารสนเทศ

ลำดับที่ ประเภท เลขเรียก/บาร์โค้ด สถานที่ สถานะ
1. Book การพยาบาล
Book การพยาบาล
สถานะ=หนังสือเก่า
WY100 ก499 ฉ.1 
  Barcode: 23013
ห้องสมุดวิทยาเขตนครสวรรค์
►ส่วนจัดเก็บหนังสือเก่า นว.
บนชั้น
  ขอยืม
2. Book การพยาบาล
Book การพยาบาล
สถานะ=หนังสือเก่า
WY100 ก499 ฉ.2 
  Barcode: 23014
ห้องสมุดวิทยาเขตนครสวรรค์
►ส่วนจัดเก็บหนังสือเก่า นว.
บนชั้น
  ขอยืม
3. Book การพยาบาล
Book การพยาบาล
สถานะ=หนังสือเก่า
WY100 ก499 ฉ.3 
  Barcode: 23015
ห้องสมุดวิทยาเขตนครสวรรค์
►ส่วนจัดเก็บหนังสือเก่า นว.
บนชั้น
  ขอยืม

รายการใกล้เคียง
    หัวเรื่อง [Physical Examination]
    หัวเรื่อง [Diagnosis, Differential]
    หัวเรื่อง [Clinical Laboratory Techniques]
    หัวเรื่อง [First Aid]
    หัวเรื่อง [การตรวจร่างกาย]
    หัวเรื่อง [ปฐมพยาบาล]
    หัวเรื่อง [การวินิจฉัยโรคแยกโรค]
    หัวเรื่อง [การวินิจฉัยโรคทางห้องปฏิบัติการ]

BibComment


ยังไม่เคยถูกคอมเมนท์

คอมเมนท์ทรัพยากรรายการนี้
  คอมเมนท์: การรักษาพยาบาลโร..


 Copyright 2026. Bcnsprnw @Library